Shakespeare: (Record no. 478734)
[ view plain ]
| 000 -LEADER | |
|---|---|
| fixed length control field | 01103cam a2200325 a 4500 |
| 001 - CONTROL NUMBER | |
| control field | 15872441 |
| 003 - CONTROL NUMBER IDENTIFIER | |
| control field | NUST |
| 005 - DATE AND TIME OF LATEST TRANSACTION | |
| control field | 20180712060447.0 |
| 008 - FIXED-LENGTH DATA ELEMENTS--GENERAL INFORMATION | |
| fixed length control field | 090818s2010 pau 000 0 eng |
| 010 ## - LIBRARY OF CONGRESS CONTROL NUMBER | |
| LC control number | 2009935111 |
| 020 ## - INTERNATIONAL STANDARD BOOK NUMBER | |
| International Standard Book Number | 9780762438549 (U.S. : pbk.) |
| Terms of availability | Rs. 1156 |
| 020 ## - INTERNATIONAL STANDARD BOOK NUMBER | |
| International Standard Book Number | 9781849010481 (U.K. : pbk.) |
| 038 ## - RECORD CONTENT LICENSOR | |
| Staff Name | Arshad |
| 040 ## - CATALOGING SOURCE | |
| Original cataloging agency | DLC |
| Transcribing agency | DLC |
| Modifying agency | DLC |
| 042 ## - AUTHENTICATION CODE | |
| Authentication code | pcc |
| 050 00 - LIBRARY OF CONGRESS CALL NUMBER | |
| Classification number | PR2894 |
| Item number | .A258 2010 |
| 082 00 - DEWEY DECIMAL CLASSIFICATION NUMBER | |
| Classification number | 822.33 |
| Author Mark | ACK |
| 100 1# - MAIN ENTRY--PERSONAL NAME | |
| Personal name | Ackroyd, Peter, |
| Dates associated with a name | 1949- |
| 9 (RLIN) | 11581 |
| 245 12 - TITLE STATEMENT | |
| Title | Shakespeare: |
| Remainder of title | the biography / |
| Statement of responsibility, etc. | by Peter Ackroyd. |
| 246 14 - VARYING FORM OF TITLE | |
| Title proper/short title | Brief guide to William Shakespeare without the boring bits |
| 246 30 - VARYING FORM OF TITLE | |
| Title proper/short title | William Shakespeare without the boring bits |
| 260 ## - PUBLICATION, DISTRIBUTION, ETC. | |
| Place of publication, distribution, etc. | Philadelphia : |
| Name of publisher, distributor, etc. | Running Press, |
| Date of publication, distribution, etc. | 2010. |
| 300 ## - PHYSICAL DESCRIPTION | |
| Extent | vi, 572 p. ; |
| Dimensions | 20 cm. |
| 500 ## - GENERAL NOTE | |
| General note | Originally published: London : Robinson, 2010. |
| 500 ## - GENERAL NOTE | |
| General note | Includes index. |
| 600 10 - SUBJECT ADDED ENTRY--PERSONAL NAME | |
| Personal name | Shakespeare, William, |
| Dates associated with a name | 1564-1616 |
| Form subdivision | Handbooks, manuals, etc. |
| 9 (RLIN) | 11608 |
| 906 ## - LOCAL DATA ELEMENT F, LDF (RLIN) | |
| a | 7 |
| b | cbc |
| c | orignew |
| d | 2 |
| e | epcn |
| f | 20 |
| g | y-gencatlg |
| 942 ## - ADDED ENTRY ELEMENTS (KOHA) | |
| Source of classification or shelving scheme | |
| Koha item type | Book |
| Withdrawn status | Lost status | Source of classification or shelving scheme | Damaged status | Not for loan | Collection code | Permanent Location | Current Location | Shelving location | Date acquired | Total Checkouts | Full call number | Barcode | Date last seen | Date last checked out | Copy number | Price effective from | Koha item type |
|---|---|---|---|---|---|---|---|---|---|---|---|---|---|---|---|---|---|
| Central Library (CL) | Central Library (CL) | Fiction | 07/12/2018 | 1 | 822.33 ACK | CL862 | 10/13/2023 | 09/08/2023 | 1 | 07/12/2018 | Book |
